000 00571nam a2200193Ia 4500
005 20250508150410.0
008 008 250505s9999 xx 000 0 eng d
037 _aTextual
040 _aFEDL
_beng
_cFEDL
041 _aeng
_2eng
084 _a155.413, MUN
_qFEDL
100 _aMunn Norman
245 0 _aPsychological development : An introduction to genetic psychology
260 _aBoston, USA
_bHoughton Mifflin Company
_c1938
300 _axx,582p.
650 _aChild Psychology
942 _cTEXL
_h155.413, MUN
999 _c1323428
_d1323428